Elektrónová štruktúra modelových zlúčenín
Na minha lista:
| Autor principal: | |
|---|---|
| Outros Autores: | |
| Formato: | Manuscrito Livro |
| Idioma: | eslovaco |
| Assuntos: | |
| Acesso em linha: | http://is.stuba.sk/zp/portal_zp.pl?podrobnosti=92893 |
| Tags: |
Sem tags, seja o primeiro a adicionar uma tag!
|
MARC
| LEADER | 00000ntm a22000003a 4500 | ||
|---|---|---|---|
| 001 | stuzp46912 | ||
| 003 | SK-STU | ||
| 005 | 20160229160114.4 | ||
| 007 | ta | ||
| 008 | 150427s2015----xo-----f-mn---000-0-slo-d | ||
| 040 | |a STU |b slo | ||
| 041 | 0 | |a slo | |
| 100 | 1 | |a Suchánek, Ľubomír |u 045280 |4 aut |U FCHPT Ústav fyzikálnej chémie a chemickej fyziky |T FCHPT Oddelenie chemickej fyziky |X 42890 |U C5280 |Y 118 |7 42890 | |
| 242 | 0 | 1 | |a Electronic structure of model compounds |y eng |
| 245 | 1 | 0 | |a Elektrónová štruktúra modelových zlúčenín |
| 650 | 4 | |a koordinačná väzba |2 slo | |
| 650 | 4 | |a teória ligandového poľa |2 slo | |
| 650 | 4 | |a QTAIM |2 slo | |
| 650 | 4 | |a Mullikenova populačná analýza |2 slo | |
| 650 | 4 | |a lokalizované orbitály |2 slo | |
| 650 | 4 | |a coordination bond |2 eng | |
| 650 | 4 | |a ligand field theory |2 eng | |
| 650 | 4 | |a QTAIM |2 eng | |
| 650 | 4 | |a Mulliken population analysis |2 eng | |
| 650 | 4 | |a localized orbitals |2 eng | |
| 700 | 1 | |a Bučinský, Lukáš, |d 1981- |4 ths |X 19736 |7 A000019736 | |
| 856 | 4 | |u http://is.stuba.sk/zp/portal_zp.pl?podrobnosti=92893 | |
| SQL | |a stuzp46912 |b DBP |c SLO |d Elektrónová štruktúra modelových zlúčenín |e 42890 |f Suchánek, Ľubomír |g 045280 |h 19736 |i Bučinský, Lukáš |j 20140716 |k 753 |l 04 |m http://is.stuba.sk/zp/portal_zp.pl?podrobnosti=92893 | ||